[Event "Eliminacje Miedzywojewodzkie MA-WM C13"]
[Site "Brok"]
[Date "2022.09.12"]
[Round "2.3"]
[White "Dobosiewicz, Dawid"]
[Black "Olszewski, Antoni"]
[Result "1-0"]
[BlackElo "1351"]
[WhiteElo "1730"]
[LiveChessVersion "1.4.8"]

1. e4 {[%clk 1:30:56]} c5 {[%clk 1:19:34]} 2. Nc3 {[%clk 1:31:18]} Nc6
{[%clk 1:19:31]} 3. f4 {[%clk 1:31:44]} g6 {[%clk 1:19:31]} 4. Nf3
{[%clk 1:31:56]} Bg7 {[%clk 1:19:07]} 5. Bb5 {[%clk 1:32:18]} Nd4
{[%clk 1:18:51]} 6. O-O {[%clk 1:32:34]} e6 {[%clk 1:17:18]} 7. e5
{[%clk 1:32:42]} a6 {[%clk 1:11:43]} 8. Bd3 {[%clk 1:31:45]} d5 {[%clk 1:07:14]}
9. Nxd4 {[%clk 1:31:39]} cxd4 {[%clk 1:06:49]} 10. Ne2 {[%clk 1:32:00]} Qb6
{[%clk 1:05:46]} 11. b3 {[%clk 1:32:06]} Ne7 {[%clk 0:57:13]} 12. Ba3
{[%clk 1:31:44]} Nc6 {[%clk 0:55:30]} 13. Qe1 {[%clk 1:31:58]} Nb4
{[%clk 0:53:55]} 14. Bb2 {[%clk 1:15:46]} Nxd3 {[%clk 0:47:33]} 15. cxd3
{[%clk 1:15:57]} O-O {[%clk 0:46:26]} 16. Bxd4 {[%clk 1:15:56]} Qb5
{[%clk 0:42:56]} 17. Qg3 {[%clk 1:15:30]} Bd7 {[%clk 0:39:05]} 18. Qe3
{[%clk 1:13:27]} Rfc8 {[%clk 0:36:35]} 19. Nc3 {[%clk 1:12:21]} Qb4
{[%clk 0:34:54]} 20. Rfb1 {[%clk 1:01:28]} Bf8 {[%clk 0:30:17]} 21. a3
{[%clk 0:46:35]} Qxd4 {[%clk 0:27:12]} 22. Qxd4 {[%clk 0:47:01]} Bc5
{[%clk 0:27:37]} 23. Qxc5 {[%clk 0:47:26]} Rxc5 {[%clk 0:28:01]} 24. d4
{[%clk 0:46:16]} Rc7 {[%clk 0:27:07]} 25. Kf2 {[%clk 0:45:48]} Kf8
{[%clk 0:13:34]} 26. Rc1 {[%clk 0:44:45]} Rac8 {[%clk 0:12:59]} 27. Ke3
{[%clk 0:44:48]} b5 {[%clk 0:10:07]} 28. Ne2 {[%clk 0:43:14]} Rxc1
{[%clk 0:07:41]} 29. Nxc1 {[%clk 0:42:36]} Ke7 {[%clk 0:06:13]} 30. Nd3
{[%clk 0:42:03]} Rc6 {[%clk 0:03:54]} 31. Nc5 {[%clk 0:41:39]} Bc8
{[%clk 0:03:57]} 32. a4 {[%clk 0:41:27]} bxa4 {[%clk 0:02:19]} 33. Rxa4
{[%clk 0:41:46]} Rb6 {[%clk 0:02:32]} 34. Kd3 {[%clk 0:41:26]} Kd8
{[%clk 0:02:37]} 35. Kc3 {[%clk 0:41:43]} Kc7 {[%clk 0:02:59]} 36. g4
{[%clk 0:41:30]} Kc6 {[%clk 0:01:53]} 37. g5 {[%clk 0:41:34]} Kc7
{[%clk 0:01:46]} 38. Ra1 {[%clk 0:41:40]} Kc6 {[%clk 0:01:17]} 39. b4
{[%clk 0:41:06]} Kc7 {[%clk 0:01:15]} 40. h4 {[%clk 0:40:44]} Kc6
{[%clk 0:01:23]} 41. h5 {[%clk 0:41:09]} Kc7 {[%clk 0:00:58]} 42. hxg6
{[%clk 0:41:35]} hxg6 {[%clk 0:01:20]} 43. Rh1 {[%clk 0:41:58]} Bd7
{[%clk 0:00:33]} 44. Rh8 {[%clk 0:42:18]} 1-0

[Event "Eliminacje Miedzywojewodzkie MA-WM C13"]
[Site "Brok"]
[Date "2022.09.12"]
[Round "2.4"]
[White "Rzap, Filip"]
[Black "Przybylski, Jan"]
[Result "0-1"]
[BlackElo "1704"]
[WhiteElo "1391"]
[LiveChessVersion "1.4.8"]

1. e4 {[%clk 1:30:50]} c5 {[%clk 1:30:55]} 2. Nf3 {[%clk 1:31:16]} e6
{[%clk 1:31:17]} 3. d4 {[%clk 1:30:13]} cxd4 {[%clk 1:31:37]} 4. Nxd4
{[%clk 1:30:37]} Nf6 {[%clk 1:31:57]} 5. Nc3 {[%clk 1:29:12]} d6 {[%clk 1:32:05]}
6. Be3 {[%clk 1:28:22]} Be7 {[%clk 1:32:27]} 7. Be2 {[%clk 1:28:22]} Nc6
{[%clk 1:32:33]} 8. O-O {[%clk 1:27:55]} O-O {[%clk 1:31:57]} 9. Qd2 a6
{[%clk 1:31:04]} 10. a4 {[%clk 1:17:46]} Qc7 {[%clk 1:30:21]} 11. f4
{[%clk 1:06:46]} Bd7 {[%clk 1:29:20]} 12. Nb3 {[%clk 1:06:48]} Rac8
{[%clk 1:23:25]} 13. a5 {[%clk 1:05:54]} Qb8 {[%clk 1:16:52]} 14. Bf3
{[%clk 1:04:50]} Na7 {[%clk 1:05:06]} 15. g4 {[%clk 0:46:46]} Bc6
{[%clk 0:59:20]} 16. g5 {[%clk 0:45:53]} Nd7 {[%clk 0:58:57]} 17. Qf2
{[%clk 0:29:20]} Nb5 {[%clk 0:54:20]} 18. Na4 {[%clk 0:27:16]} Rfd8
{[%clk 0:51:24]} 19. c4 {[%clk 0:21:36]} Nc7 {[%clk 0:50:32]} 20. Nd2
{[%clk 0:19:29]} Bxa4 {[%clk 0:48:49]} 21. Rxa4 {[%clk 0:19:50]} Nc5
{[%clk 0:49:02]} 22. Ra3 {[%clk 0:17:50]} b5 {[%clk 0:46:29]} 23. b4
{[%clk 0:15:09]} Nd7 {[%clk 0:45:21]} 24. e5 {[%clk 0:11:19]} bxc4
{[%clk 0:43:49]} 25. exd6 {[%clk 0:03:26]} Bxd6 {[%clk 0:43:50]} 26. Nxc4
{[%clk 0:03:10]} Qxb4 {[%clk 0:43:32]} 27. Nxd6 {[%clk 0:02:18]} Qxd6
{[%clk 0:43:16]} 28. Raa1 {[%clk 0:02:29]} Nd5 {[%clk 0:35:54]} 29. Rfd1
{[%clk 0:02:33]} Nc5 {[%clk 0:35:15]} 30. Bxd5 {[%clk 0:00:38]} exd5
{[%clk 0:35:38]} 31. Bd4 {[%clk 0:00:38]} Nb3 {[%clk 0:34:47]} 32. Ra4
{[%clk 0:00:43]} Nxd4 {[%clk 0:34:18]} 33. Raxd4 {[%clk 0:01:07]} Qc5
{[%clk 0:34:06]} 34. Qd2 {[%clk 0:01:18]} Rb8 {[%clk 0:33:00]} 35. Kh1
{[%clk 0:01:13]} Rb5 {[%clk 0:32:55]} 36. Rc1 {[%clk 0:01:08]} Qa3
{[%clk 0:32:33]} 37. Rc3 {[%clk 0:00:37]} Qxa5 {[%clk 0:32:04]} 38. Rc8
{[%clk 0:00:40]} 0-1

[Event "Eliminacje Miedzywojewodzkie MA-WM C13"]
[Site "Brok"]
[Date "2022.09.12"]
[Round "2.5"]
[White "Urych, Krzysztof"]
[Black "Krogulski, Maksymilian"]
[Result "1/2-1/2"]
[BlackElo "1559"]
[WhiteElo "1328"]
[LiveChessVersion "1.4.8"]

1. d4 {[%clk 1:30:59]} d5 {[%clk 1:31:00]} 2. c4 {[%clk 1:31:27]} c6
{[%clk 1:31:29]} 3. cxd5 {[%clk 1:31:45]} cxd5 {[%clk 1:31:47]} 4. Bf4
{[%clk 1:32:13]} Nc6 {[%clk 1:32:07]} 5. e3 {[%clk 1:32:38]} e6 {[%clk 1:31:49]}
6. Nc3 {[%clk 1:33:02]} Bb4 {[%clk 1:32:13]} 7. Nf3 {[%clk 1:31:46]} Nf6
{[%clk 1:32:00]} 8. Bd3 {[%clk 1:30:35]} O-O {[%clk 1:31:03]} 9. Qc2
{[%clk 1:29:16]} Qa5 {[%clk 1:31:00]} 10. O-O {[%clk 1:28:53]} Bxc3
{[%clk 1:31:07]} 11. Qxc3 {[%clk 1:23:16]} Qxc3 {[%clk 1:31:07]} 12. bxc3
{[%clk 1:23:42]} a6 {[%clk 1:31:01]} 13. Ne5 {[%clk 1:14:37]} Nxe5
{[%clk 1:30:33]} 14. Bxe5 {[%clk 1:14:57]} Bd7 {[%clk 1:30:42]} 15. c4
{[%clk 1:13:24]} dxc4 {[%clk 1:31:00]} 16. Bxc4 {[%clk 1:13:39]} Rfc8
{[%clk 1:31:29]} 17. Rfc1 {[%clk 1:11:45]} Bc6 {[%clk 1:19:06]} 18. a4
{[%clk 0:57:46]} Bxa4 {[%clk 1:07:26]} 19. Bxf6 {[%clk 0:57:22]} gxf6
{[%clk 1:07:51]} 20. Rxa4 {[%clk 0:57:41]} b5 {[%clk 1:08:03]} 21. Rb4
{[%clk 0:34:04]} Rc7 {[%clk 1:03:37]} 22. Kf1 {[%clk 0:33:59]} Rac8
{[%clk 1:03:25]} 23. Ra1 {[%clk 0:32:30]} Rxc4 {[%clk 0:53:21]} 24. Rxc4
{[%clk 0:32:53]} Rxc4 {[%clk 0:53:25]} 25. Rxa6 {[%clk 0:33:15]} Rc1+
{[%clk 0:51:59]} 26. Ke2 {[%clk 0:33:40]} Rb1 {[%clk 0:51:51]} 27. Ra8+
{[%clk 0:30:44]} Kg7 {[%clk 0:52:18]} 28. e4 {[%clk 0:27:51]} Rb4
{[%clk 0:50:11]} 29. Kd3 {[%clk 0:26:40]} e5 {[%clk 0:44:40]} 30. Rd8
{[%clk 0:09:40]} exd4 {[%clk 0:43:22]} 31. Rxd4 {[%clk 0:10:04]} Rb2
{[%clk 0:43:43]} 32. Ke3 {[%clk 0:08:43]} b4 {[%clk 0:44:01]} 33. Rd8
{[%clk 0:06:44]} b3 {[%clk 0:43:17]} 34. Rb8 {[%clk 0:06:41]} Rb1
{[%clk 0:43:38]} 35. Kf3 {[%clk 0:06:22]} b2 {[%clk 0:42:23]} 36. Kf4
{[%clk 0:03:47]} Kg6 {[%clk 0:36:41]} 37. g4 {[%clk 0:02:51]} Rh1
{[%clk 0:30:42]} 1/2-1/2

[Event "Eliminacje Miedzywojewodzkie MA-WM C13"]
[Site "Brok"]
[Date "2022.09.12"]
[Round "2.6"]
[White "Fil, Grzegorz"]
[Black "Renn, Grzegorz"]
[Result "1/2-1/2"]
[BlackElo "1203"]
[WhiteElo "1122"]
[LiveChessVersion "1.4.8"]

1. c4 {[%clk 1:30:58]} c5 {[%clk 1:30:37]} 2. Nc3 {[%clk 1:31:19]} g6
{[%clk 1:31:03]} 3. g3 {[%clk 1:31:45]} Bg7 {[%clk 1:31:31]} 4. Bg2
{[%clk 1:32:09]} Nc6 {[%clk 1:31:59]} 5. d3 {[%clk 1:30:52]} e6 {[%clk 1:32:24]}
6. e4 {[%clk 1:30:47]} Nge7 {[%clk 1:32:40]} 7. Be3 {[%clk 1:29:56]} Nd4
{[%clk 1:32:39]} 8. Nge2 {[%clk 1:29:57]} Nec6 {[%clk 1:33:03]} 9. f4
{[%clk 1:28:56]} d6 {[%clk 1:33:20]} 10. O-O {[%clk 1:28:08]} O-O
{[%clk 1:33:34]} 11. h3 {[%clk 1:23:40]} Rb8 {[%clk 1:27:57]} 12. Bxd4
{[%clk 1:20:14]} Nxd4 {[%clk 1:28:15]} 13. Nxd4 {[%clk 1:19:58]} Bxd4+
{[%clk 1:28:36]} 14. Kh2 {[%clk 1:20:22]} a6 {[%clk 1:28:54]} 15. Qd2
{[%clk 1:20:25]} b5 {[%clk 1:29:05]} 16. cxb5 {[%clk 1:20:42]} axb5
{[%clk 1:29:29]} 17. Ne2 {[%clk 1:20:50]} Bg7 {[%clk 1:29:54]} 18. d4
{[%clk 1:14:52]} cxd4 {[%clk 1:27:05]} 19. Nxd4 {[%clk 1:15:15]} Qf6
{[%clk 1:26:43]} 20. Rad1 {[%clk 1:08:21]} Bb7 {[%clk 1:24:31]} 21. Nxb5
{[%clk 1:02:42]} Ba6 {[%clk 1:24:45]} 22. a4 {[%clk 1:01:26]} Bxb5
{[%clk 1:24:58]} 23. axb5 {[%clk 1:01:45]} Rxb5 {[%clk 1:25:05]} 24. b4
{[%clk 1:01:40]} Rfb8 {[%clk 1:25:12]} 25. Qxd6 {[%clk 1:01:41]} Rxb4
{[%clk 1:25:33]} 26. e5 {[%clk 0:58:20]} Qf5 {[%clk 1:25:17]} 27. Qd3
{[%clk 0:57:45]} Qxd3 {[%clk 1:22:58]} 28. Rxd3 {[%clk 0:58:06]} h5
{[%clk 1:23:23]} 29. Rfd1 {[%clk 0:55:28]} Rb3 {[%clk 1:23:38]} 30. Rxb3
{[%clk 0:54:52]} Rxb3 {[%clk 1:24:01]} 1/2-1/2

[Event "Eliminacje Miedzywojewodzkie MA-WM C13"]
[Site "Brok"]
[Date "2022.09.12"]
[Round "2.7"]
[White "Nocek, Dominik"]
[Black "Maciaga, Jan"]
[Result "1-0"]
[BlackElo "1296"]
[WhiteElo "1627"]
[LiveChessVersion "1.4.8"]

1. e4 {[%clk 1:30:58]} c5 {[%clk 1:30:55]} 2. Nf3 {[%clk 1:31:02]} Nc6
{[%clk 1:31:16]} 3. d4 {[%clk 1:30:57]} cxd4 {[%clk 1:31:14]} 4. Nxd4
{[%clk 1:31:17]} Nf6 {[%clk 1:30:51]} 5. Nc3 {[%clk 1:31:35]} e5 {[%clk 1:31:13]}
6. Ndb5 {[%clk 1:31:55]} d6 {[%clk 1:31:36]} 7. Bg5 {[%clk 1:32:16]} a6
{[%clk 1:31:50]} 8. Na3 {[%clk 1:32:28]} Be7 {[%clk 1:32:10]} 9. Bxf6
{[%clk 1:31:09]} Bxf6 {[%clk 1:31:54]} 10. Nc4 {[%clk 1:26:35]} Nd4
{[%clk 1:23:35]} 11. Nd5 {[%clk 1:21:59]} b5 {[%clk 1:22:04]} 12. Nce3
{[%clk 1:20:18]} Be6 {[%clk 1:13:07]} 13. c3 {[%clk 1:18:49]} Nc6
{[%clk 1:12:46]} 14. Nxf6+ {[%clk 1:14:30]} gxf6 {[%clk 1:12:42]} 15. Be2
{[%clk 1:10:46]} Ne7 {[%clk 1:12:15]} 16. Bf3 {[%clk 1:05:24]} Rb8
{[%clk 1:11:49]} 17. Qd2 {[%clk 1:02:42]} Rb6 {[%clk 1:00:09]} 18. O-O
{[%clk 0:56:19]} f5 {[%clk 0:58:27]} 19. exf5 {[%clk 0:53:58]} Nxf5
{[%clk 0:58:33]} 20. Nxf5 {[%clk 0:50:50]} Bxf5 {[%clk 0:58:17]} 21. Bd5
{[%clk 0:46:50]} Qe7 {[%clk 0:43:21]} 22. f4 {[%clk 0:43:53]} Be6
{[%clk 0:42:54]} 23. Rae1 {[%clk 0:40:55]} f6 {[%clk 0:39:14]} 24. Qe3
{[%clk 0:28:54]} Rb8 {[%clk 0:38:40]} 25. Bxe6 {[%clk 0:28:44]} Qxe6
{[%clk 0:39:07]} 26. Qa7 {[%clk 0:28:56]} Rd8 {[%clk 0:34:57]} 27. Qxa6
{[%clk 0:27:30]} Qd5 {[%clk 0:35:06]} 28. fxe5 {[%clk 0:22:50]} fxe5
{[%clk 0:35:04]} 29. Qb6 {[%clk 0:19:50]} Rg8 {[%clk 0:34:07]} 30. Qf2
{[%clk 0:18:32]} Rd7 {[%clk 0:33:59]} 31. Qf3 {[%clk 0:15:56]} Qxa2
{[%clk 0:33:39]} 32. Ra1 {[%clk 0:12:32]} Qe6 {[%clk 0:33:15]} 33. Ra8+
{[%clk 0:11:14]} Ke7 {[%clk 0:32:52]} 34. Rxg8 {[%clk 0:11:29]} Qxg8
{[%clk 0:33:19]} 35. Qf6+ {[%clk 0:11:28]} Ke8 {[%clk 0:33:46]} 36. Ra1
{[%clk 0:11:39]} Qd5 {[%clk 0:33:38]} 37. Ra8+ {[%clk 0:11:13]} 1-0

[Event "Eliminacje Miedzywojewodzkie MA-WM C13"]
[Site "Brok"]
[Date "2022.09.12"]
[Round "2.9"]
[White "Dunalski, Szymon"]
[Black "Kryston, Aleksander"]
[Result "0-1"]
[BlackElo "1281"]
[WhiteElo "1016"]
[LiveChessVersion "1.4.8"]

1. e4 {[%clk 1:30:56]} c5 {[%clk 1:30:56]} 2. Nf3 {[%clk 1:31:16]} d6
{[%clk 1:31:24]} 3. d4 {[%clk 1:31:14]} cxd4 {[%clk 1:31:47]} 4. Nxd4
{[%clk 1:31:38]} Nf6 {[%clk 1:32:12]} 5. Nc3 g6 {[%clk 1:32:33]} 6. Be3
{[%clk 1:32:12]} Bg7 {[%clk 1:32:56]} 7. Qd2 {[%clk 1:32:15]} O-O
{[%clk 1:33:15]} 8. O-O-O {[%clk 1:32:28]} Nc6 {[%clk 1:33:23]} 9. Bh6
{[%clk 1:31:53]} Bd7 {[%clk 1:18:01]} 10. Bxg7 {[%clk 1:31:52]} Kxg7
{[%clk 1:18:22]} 11. f3 {[%clk 1:31:15]} a6 {[%clk 1:10:09]} 12. g4
{[%clk 1:31:01]} b5 {[%clk 1:04:29]} 13. h4 {[%clk 1:30:29]} h5 {[%clk 1:04:32]}
14. gxh5 {[%clk 1:29:01]} Nxh5 {[%clk 1:02:45]} 15. Rg1 {[%clk 1:29:18]} Rc8
{[%clk 0:47:33]} 16. Qg5 {[%clk 1:28:39]} e6 {[%clk 0:44:15]} 17. Qxh5
{[%clk 1:25:58]} Nxd4 {[%clk 0:37:16]} 18. Rxd4 {[%clk 1:26:08]} Qb6
{[%clk 0:36:40]} 19. Qg5 {[%clk 1:21:42]} Qxd4 {[%clk 0:34:32]} 20. h5
{[%clk 1:20:38]} Qc5 {[%clk 0:28:20]} 21. h6+ {[%clk 1:19:39]} Kh7
{[%clk 0:27:10]} 22. Qf6 {[%clk 1:19:12]} Qe3+ {[%clk 0:23:14]} 23. Kd1
{[%clk 1:18:38]} Qxh6 {[%clk 0:23:12]} 24. Bg2 {[%clk 1:18:36]} Qg7
{[%clk 0:21:12]} 25. Rh1+ {[%clk 1:18:54]} Kg8 {[%clk 0:21:34]} 26. Qe7
{[%clk 1:18:08]} Bc6 {[%clk 0:20:42]} 27. Qh4 {[%clk 1:17:16]} f6
{[%clk 0:17:52]} 28. Kc1 {[%clk 1:17:00]} Kf7 {[%clk 0:17:11]} 29. Qg4
{[%clk 1:16:46]} Rh8 {[%clk 0:15:57]} 0-1

[Event "Eliminacje Miedzywojewodzkie MA-WM C13"]
[Site "Brok"]
[Date "2022.09.13"]
[Round "3.1"]
[White "Przybylski, Jan"]
[Black "Bartodziej, Bartosz"]
[Result "0-1"]
[BlackElo "1940"]
[WhiteElo "1704"]
[LiveChessVersion "1.4.8"]

1. e4 {[%clk 1:30:57]} c5 {[%clk 1:30:59]} 2. Nf3 {[%clk 1:31:20]} d6
{[%clk 1:31:22]} 3. d4 {[%clk 1:31:44]} Nf6 {[%clk 1:31:47]} 4. Nc3
{[%clk 1:29:40]} cxd4 {[%clk 1:32:11]} 5. Nxd4 {[%clk 1:30:03]} a6
{[%clk 1:32:37]} 6. Bg5 {[%clk 1:29:26]} e6 {[%clk 1:32:41]} 7. f4
{[%clk 1:28:27]} h6 {[%clk 1:32:34]} 8. Bh4 {[%clk 1:27:05]} Qb6 {[%clk 1:32:56]}
9. a3 {[%clk 1:26:27]} Be7 {[%clk 1:33:11]} 10. Bf2 {[%clk 1:26:16]} Qc7
{[%clk 1:33:24]} 11. Be2 {[%clk 1:22:06]} b5 {[%clk 1:32:14]} 12. O-O
{[%clk 1:17:20]} Bb7 {[%clk 1:30:51]} 13. Bf3 {[%clk 1:16:06]} Nbd7
{[%clk 1:29:08]} 14. Re1 {[%clk 1:10:12]} Nb6 {[%clk 1:20:34]} 15. Qd3
{[%clk 0:57:39]} O-O {[%clk 1:09:38]} 16. b3 {[%clk 0:42:01]} Rac8
{[%clk 0:59:53]} 17. Nce2 {[%clk 0:33:47]} Nbd7 {[%clk 0:47:29]} 18. Qe3
{[%clk 0:27:40]} Rfe8 {[%clk 0:39:08]} 19. Rac1 {[%clk 0:25:00]} Qa5
{[%clk 0:35:22]} 20. b4 {[%clk 0:21:40]} Qc7 {[%clk 0:32:20]} 21. c3
{[%clk 0:17:16]} Bf8 {[%clk 0:29:31]} 22. Nb3 {[%clk 0:12:56]} e5
{[%clk 0:27:45]} 23. f5 {[%clk 0:12:36]} d5 {[%clk 0:25:00]} 24. Ng3
{[%clk 0:11:26]} dxe4 {[%clk 0:22:47]} 25. Bxe4 {[%clk 0:10:17]} Bxe4
{[%clk 0:22:13]} 26. Nxe4 {[%clk 0:10:38]} Nxe4 {[%clk 0:21:50]} 27. Qxe4
{[%clk 0:10:55]} Nf6 {[%clk 0:22:01]} 28. Qc2 {[%clk 0:09:20]} Bd6
{[%clk 0:19:15]} 29. Nd2 {[%clk 0:07:30]} e4 {[%clk 0:13:28]} 30. Nxe4
{[%clk 0:06:02]} Bxh2+ {[%clk 0:13:43]} 31. Kh1 {[%clk 0:06:23]} Ng4
{[%clk 0:09:48]} 32. Bc5 {[%clk 0:03:46]} Bg3 {[%clk 0:06:58]} 33. Rf1
{[%clk 0:02:40]} Bh4 {[%clk 0:04:20]} 34. g3 {[%clk 0:01:10]} Qc6
{[%clk 0:03:53]} 35. gxh4 {[%clk 0:01:02]} Rxe4 {[%clk 0:04:15]} 36. Qg2
{[%clk 0:00:59]} Ne5 {[%clk 0:01:54]} 37. Bf2 {[%clk 0:00:40]} Nd3
{[%clk 0:01:42]} 38. Rcd1 {[%clk 0:00:32]} Nxf2+ {[%clk 0:01:43]} 39. Rxf2
{[%clk 0:00:58]} Rxh4+ {[%clk 0:01:28]} 40. Kg1 {[%clk 0:01:27]} Qc4
{[%clk 0:01:12]} 41. Rd4 {[%clk 0:01:30]} Rxd4 42. cxd4 {[%clk 0:01:59]} Qxd4
{[%clk 0:02:02]} 43. f6 {[%clk 0:01:45]} Rc1+ {[%clk 0:02:24]} 44. Kh2
{[%clk 0:02:14]} Qh4+ {[%clk 0:02:50]} 0-1

[Event "Eliminacje Miedzywojewodzkie MA-WM C13"]
[Site "Brok"]
[Date "2022.09.13"]
[Round "3.2"]
[White "Kowalski, Witold"]
[Black "Dobosiewicz, Dawid"]
[Result "0-1"]
[BlackElo "1730"]
[WhiteElo "1525"]
[LiveChessVersion "1.4.8"]

1. e4 {[%clk 1:30:58]} e5 {[%clk 1:30:56]} 2. Nf3 {[%clk 1:31:17]} Nc6
{[%clk 1:31:19]} 3. Bc4 {[%clk 1:31:32]} Bc5 {[%clk 1:31:29]} 4. c3
{[%clk 1:31:44]} Nf6 {[%clk 1:31:47]} 5. d3 {[%clk 1:31:52]} a6 {[%clk 1:31:55]}
6. Bb3 {[%clk 1:31:38]} Ba7 {[%clk 1:28:46]} 7. Nbd2 {[%clk 1:31:03]} O-O
{[%clk 1:27:12]} 8. O-O {[%clk 1:27:50]} d6 {[%clk 1:26:04]} 9. h3
{[%clk 1:25:50]} Be6 {[%clk 1:24:01]} 10. Bc2 {[%clk 1:16:14]} h6
{[%clk 1:20:59]} 11. Re1 {[%clk 1:14:39]} Re8 {[%clk 1:20:16]} 12. Nf1
{[%clk 1:13:38]} d5 {[%clk 1:20:01]} 13. exd5 {[%clk 1:09:43]} Nxd5
{[%clk 1:19:11]} 14. Ng3 {[%clk 1:00:58]} Qd6 {[%clk 0:57:49]} 15. Nh4
{[%clk 0:28:32]} Nf4 {[%clk 0:37:29]} 16. Ngf5 {[%clk 0:14:54]} Bxf5
{[%clk 0:37:40]} 17. Bxf4 {[%clk 0:14:00]} Bh7 {[%clk 0:31:52]} 18. Be3
{[%clk 0:12:36]} Rad8 {[%clk 0:29:55]} 19. Qg4 {[%clk 0:06:13]} Qe6
{[%clk 0:28:43]} 20. Qxe6 {[%clk 0:05:41]} Rxe6 {[%clk 0:28:59]} 21. Rad1
{[%clk 0:05:30]} Bxe3 {[%clk 0:27:23]} 22. Rxe3 {[%clk 0:05:50]} Red6
{[%clk 0:27:22]} 23. Nf3 {[%clk 0:03:04]} f6 {[%clk 0:26:34]} 24. Ne1
{[%clk 0:01:46]} Kf8 {[%clk 0:25:48]} 25. Kf1 {[%clk 0:01:49]} Ne7
{[%clk 0:25:49]} 26. d4 {[%clk 0:00:57]} Bg8 {[%clk 0:24:56]} 27. Nf3
{[%clk 0:00:34]} c5 {[%clk 0:23:46]} 28. Rde1 {[%clk 0:00:44]} Nd5
{[%clk 0:22:27]} 29. dxe5 {[%clk 0:00:40]} Nxe3+ {[%clk 0:22:52]} 30. Rxe3
{[%clk 0:00:58]} fxe5 {[%clk 0:22:35]} 31. Rxe5 {[%clk 0:01:15]} b6
{[%clk 0:21:43]} 32. b3 {[%clk 0:00:56]} Re8 {[%clk 0:20:58]} 33. Ke2
{[%clk 0:00:36]} Bd5 {[%clk 0:20:24]} 34. Rxe8+ {[%clk 0:00:34]} Kxe8
{[%clk 0:20:47]} 35. Nh4 {[%clk 0:00:36]} Re6+ {[%clk 0:17:34]} 36. Kf1
{[%clk 0:00:46]} Be4 {[%clk 0:17:49]} 37. Bxe4 {[%clk 0:00:48]} Rxe4
{[%clk 0:18:13]} 38. Nf5 {[%clk 0:01:08]} Kf8 {[%clk 0:18:27]} 39. Ne3
{[%clk 0:01:16]} b5 {[%clk 0:17:30]} 40. Ke2 {[%clk 0:01:10]} Ke7
{[%clk 0:16:52]} 41. Kd3 {[%clk 0:01:28]} Re6 {[%clk 0:16:45]} 42. a4
{[%clk 0:00:56]} g6 {[%clk 0:16:28]} 43. axb5 {[%clk 0:00:36]} axb5
{[%clk 0:16:44]} 44. c4 {[%clk 0:00:32]} b4 {[%clk 0:16:28]} 45. Nd5+
{[%clk 0:00:40]} Kd6 {[%clk 0:16:51]} 46. Ne3 {[%clk 0:00:46]} Rf6
{[%clk 0:15:53]} 47. Ke2 {[%clk 0:00:38]} h5 {[%clk 0:16:13]} 48. g3
{[%clk 0:00:47]} Ke5 {[%clk 0:15:24]} 49. Nd5 {[%clk 0:00:32]} Ra6
{[%clk 0:15:44]} 50. Kd3 {[%clk 0:00:33]} Ra3 {[%clk 0:15:49]} 51. f4+
{[%clk 0:00:34]} Kd6 {[%clk 0:16:04]} 52. Kc2 {[%clk 0:00:36]} Ra2+
{[%clk 0:16:31]} 53. Kb1 {[%clk 0:00:56]} Rh2 {[%clk 0:16:25]} 54. h4
{[%clk 0:01:07]} Rg2 {[%clk 0:16:16]} 55. Nf6 {[%clk 0:01:20]} Kc6
{[%clk 0:16:16]} 56. g4 {[%clk 0:01:16]} hxg4 {[%clk 0:16:36]} 57. h5
{[%clk 0:01:40]} gxh5 {[%clk 0:16:47]} 58. Nxh5 {[%clk 0:02:02]} g3
{[%clk 0:17:03]} 59. f5 {[%clk 0:01:51]} Rg1+ {[%clk 0:17:27]} 60. Kc2
{[%clk 0:02:14]} g2 {[%clk 0:17:52]} 0-1

[Event "Eliminacje Miedzywojewodzkie MA-WM C13"]
[Site "Brok"]
[Date "2022.09.13"]
[Round "3.3"]
[White "Urych, Krzysztof"]
[Black "Nocek, Dominik"]
[Result "1-0"]
[BlackElo "1627"]
[WhiteElo "1328"]
[LiveChessVersion "1.4.8"]

1. d4 {[%clk 1:30:58]} Nf6 {[%clk 1:30:54]} 2. Nf3 {[%clk 1:31:25]} g6
{[%clk 1:31:16]} 3. Bg5 {[%clk 1:31:50]} Bg7 {[%clk 1:31:03]} 4. Nbd2
{[%clk 1:32:18]} d5 {[%clk 1:30:16]} 5. e3 {[%clk 1:32:41]} O-O {[%clk 1:29:45]}
6. Be2 {[%clk 1:33:05]} c5 {[%clk 1:26:29]} 7. c3 {[%clk 1:33:30]} Qb6
{[%clk 1:18:04]} 8. Qb3 {[%clk 1:33:35]} c4 {[%clk 1:16:51]} 9. Qxb6
{[%clk 1:33:58]} axb6 {[%clk 1:17:18]} 10. Bxf6 {[%clk 1:29:28]} Bxf6
{[%clk 1:14:47]} 11. e4 {[%clk 1:29:53]} e6 {[%clk 1:14:32]} 12. O-O
{[%clk 1:25:26]} Nc6 {[%clk 1:10:15]} 13. b3 {[%clk 1:17:27]} b5 {[%clk 1:08:42]}
14. a4 {[%clk 1:15:41]} bxa4 {[%clk 1:00:18]} 15. bxc4 {[%clk 1:11:05]} dxe4
{[%clk 0:59:13]} 16. Nxe4 {[%clk 1:11:27]} Bg7 {[%clk 0:53:31]} 17. Ra3
{[%clk 0:53:51]} Ra5 {[%clk 0:22:37]} 18. Rfa1 {[%clk 0:49:29]} f5
{[%clk 0:16:26]} 19. Nd6 {[%clk 0:45:44]} e5 {[%clk 0:14:27]} 20. d5
{[%clk 0:30:51]} Ne7 {[%clk 0:13:36]} 21. Rxa4 {[%clk 0:30:25]} Rxa4
{[%clk 0:13:40]} 22. Rxa4 {[%clk 0:30:54]} Rd8 {[%clk 0:13:20]} 23. Nxc8
{[%clk 0:27:54]} Rxc8 {[%clk 0:13:48]} 24. d6 {[%clk 0:20:17]} Nc6
{[%clk 0:13:58]} 25. c5 {[%clk 0:19:52]} Bf6 {[%clk 0:11:22]} 26. Bc4+
{[%clk 0:12:45]} Kf8 {[%clk 0:11:18]} 27. Be6 {[%clk 0:12:57]} Rb8
{[%clk 0:10:13]} 28. Bd5 {[%clk 0:10:26]} Ke8 {[%clk 0:09:47]} 29. Bxc6+
{[%clk 0:09:37]} bxc6 {[%clk 0:10:15]} 30. g3 {[%clk 0:09:46]} Rb1+
{[%clk 0:07:33]} 31. Kg2 {[%clk 0:10:09]} Rc1 {[%clk 0:07:51]} 32. Ra3
{[%clk 0:07:09]} e4 {[%clk 0:04:23]} 33. Nd4 {[%clk 0:06:05]} Bxd4
{[%clk 0:04:32]} 34. cxd4 {[%clk 0:06:34]} Rc4 {[%clk 0:04:15]} 35. Ra8+
{[%clk 0:05:35]} Kd7 {[%clk 0:04:39]} 36. Ra7+ {[%clk 0:05:52]} Kd8
{[%clk 0:05:06]} 37. Rc7 {[%clk 0:03:44]} Rxd4 {[%clk 0:05:23]} 38. Rxc6
{[%clk 0:04:12]} Rd2 {[%clk 0:04:52]} 39. Kg1 {[%clk 0:04:41]} Rd1+
{[%clk 0:05:20]} 40. Kg2 {[%clk 0:05:11]} Rd2 {[%clk 0:05:37]} 41. Kf1
{[%clk 0:05:31]} e3 {[%clk 0:04:55]} 42. fxe3 {[%clk 0:05:53]} Rxh2
{[%clk 0:05:19]} 43. Ra6 {[%clk 0:05:42]} Rd2 {[%clk 0:04:15]} 44. Ra8+
{[%clk 0:04:46]} Kd7 {[%clk 0:04:42]} 45. Ra7+ {[%clk 0:04:40]} Kd8
{[%clk 0:03:22]} 46. Rxh7 {[%clk 0:04:49]} Rc2 {[%clk 0:03:26]} 47. Rc7
{[%clk 0:04:19]} g5 {[%clk 0:02:51]} 48. c6 {[%clk 0:04:12]} Rc1+
{[%clk 0:03:01]} 49. Ke2 {[%clk 0:04:25]} Rc2+ {[%clk 0:03:26]} 50. Kd3
{[%clk 0:04:45]} Rc1 {[%clk 0:03:11]} 51. Kd4 {[%clk 0:04:56]} Rc2
{[%clk 0:03:21]} 52. Ke5 {[%clk 0:04:57]} Rc5+ {[%clk 0:03:38]} 53. Ke6
{[%clk 0:05:11]} Rc3 {[%clk 0:03:28]} 54. Kxf5 {[%clk 0:05:04]} Rd3
{[%clk 0:03:31]} 55. Kxg5 {[%clk 0:05:00]} Rd5+ {[%clk 0:03:52]} 56. Kf4
{[%clk 0:05:08]} Rd1 {[%clk 0:03:53]} 57. Ra7 {[%clk 0:05:12]} Rd2
{[%clk 0:04:03]} 58. Ra8# {[%clk 0:05:37]} 1-0